000 006190000a22001810004500
003 MACL
005 20160512171235.0
008 160512b xxu||||| |||| 00| 0 eng d
040 _aMACL
_cMACL
041 _aHindi
082 _a891.431 SHA
100 _aशास्‍त्री, त्रिलोचन
_952842
245 _aमुक्तिबोध की कविताऍ
_cत्रिलोचन शास्‍त्री
260 _bसाहित्‍य अकादेमी
_c1991
_aनई दिल्‍ली
350 _a60
650 _aPoetry
_956560
942 _cHIN
_k891.431
_2ddc
999 _c20612
_d20612